Deconstruct to reconstruct is it possible to tax the digital economy? /

Detalles Bibliográficos
Autor principal: Sǹchez Rojas, Ariel Andrš
Formato: eBook
Lenguaje:inglés
Publicado: Bogot:̀ Universidad de Los Andes (Colombia), 2020
Materias:
Acceso en línea:Acceso restringido

MARC

LEADER 00000nam a22000007a 4500
005 20200723224948.0
007 cr|||| ||||
008 200723s2020 co |||||s|||| 00||0 eng d
020 |a 978-958-774-918-2 
035 |a 31827 
040 |a vLex 
090 |c 10699  |d 10699 
100 1 |a Sǹchez Rojas, Ariel Andrš 
245 1 0 |a Deconstruct to reconstruct  |h [Recurso electrn̤ico] :  |b is it possible to tax the digital economy? /  |c Ariel Andrš Sǹchez Rojas 
256 |a Servicio en ln̕ea 
260 |a Bogot:̀  |b Universidad de Los Andes (Colombia),  |c 2020 
300 |a 1 recurso electrn̤ico 
506 1 |a Disponible solo en los productos indicados  |d vLex Global  |d vLex Global (Academic Edition, excluding Law Schools)  |d vLex Global (U.S. Academic Edition, Law Schools)  |d vLex Global (U.S. Academic Edition, excluding Law Schools)  |d vLex Global (Academic Edition, Law Schools) 
650 0 4 |a Derecho Tributario  |z Colombia 
740 0 |a vLex Libros (Servicio en ln̕ea) 
856 4 0 |u http://vlex.com/source/deconstruct-reconstruct-is-it-possible-tax-digital-economy-31827  |z Acceso restringido 
942 |c BOOK 
999 0 |a Tax Law